Técnicas para determinaciones enzimáticas y clínico-químicas.

Guardado en:
Formato: Libro
Idioma:Spanish
Publicado: Buenos Aires : Boehringer Argentina, 1971.
Etiquetas: Agregar Etiqueta
Sin Etiquetas, Sea el primero en etiquetar este registro!
LEADER 00426nam a22001215a 4500
001 EEA.libagro003530
005 20190531122501.0
008 130809s1971####ag#a##########000#0#spa#d
082 0 4 |a 612.0151 
245 1 0 |a Técnicas para determinaciones enzimáticas y clínico-químicas. 
260 |a Buenos Aires :  |b Boehringer Argentina,  |c 1971. 
300 |a 1 v. (sin paginar) :  |b il. ;  |c 30 cm. 
859 |a AR-BbBCA  |b BIB. AGRONOMIA  |h 612.0151  |i B671  |p 1985/0767